[Event "Morava-ch"]
[Site "Orlova"]
[Date "2023.10.26"]
[Round "4"]
[White "Mikulasek, Ondrej"]
[Black "Brabencova, Aneta"]
[Result "0-1"]
[WhiteElo "1649"]
[BlackElo "1349"]
[PlyCount "80"]
[EventDate "2023.10.24"]
[EventType "swiss"]
[EventRounds "9"]
[EventCountry "CZE"]
[SourceTitle "CBM 217 Extra"]
[Source "ChessBase"]
[SourceDate "2024.01.31"]
[SourceVersion "1"]
[SourceVersionDate "2024.01.31"]
[SourceQuality "1"]

1. e4 e5 2. Nf3 Nc6 3. Bc4 Bc5 4. d3 Nf6 5. 0-0 d6 6. h3 Be6 7. Nbd2 Qd7 8. Bxe6 Qxe6 9. Re1 0-0-0 10. c3 h6 11. b4 Bb6 12. Nc4 g5 13. Nh2 Rdg8 14. g4 h5 15. Nxb6+ axb6 16. Qf3 hxg4 17. Nxg4 Nxg4 18. Qxg4 Qxg4+ 19. hxg4 Rh4 20. f3 f6 21. Re2 Rgh8 22. Bb2 Ne7 23. Rae1 Ng6 24. Kf2 Nf4 25. Rd2 Rh2+ 26. Ke3 Ng2+ 27. Rxg2 Rxg2 28. Bc1 Rxa2 29. Rd1 Rhh2 30. Rd2 Raxd2 31. Bxd2 Kd7 32. Be1 Kc6 33. Bd2 Kb5 34. Be1 Ka4 35. Bd2 Kb3 36. b5 Kc2 37. Be1 Kd1 38. Bf2 c6 39. c4 cxb5 40. cxb5 Kc2 0-1